[Event "Mittelfrank Regionalliga Sud-Ost 2223"]
[Site "Mittelfranken"]
[Date "2022.10.23"]
[Round "2.5"]
[White "Stoffel, Matthias"]
[Black "Stocker, Rupert"]
[Result "1-0"]
[WhiteElo "1953"]
[BlackElo "1998"]
[PlyCount "153"]
[EventDate "2022.10.09"]
[EventType "team-tourn"]
[EventRounds "9"]
[EventCountry "GER"]
[SourceTitle "EXT 2024"]
[Source "ChessBase"]
[SourceDate "2023.10.10"]
[SourceVersion "1"]
[SourceVersionDate "2023.10.10"]
[SourceQuality "1"]
[WhiteTeam "Bruckmuehl"]
[BlackTeam "Groebenzell II"]
[WhiteTeamCountry "GER"]
[BlackTeamCountry "GER"]

1. e4 c6 2. d4 g6 3. Nc3 d5 4. Nf3 Bg7 5. h3 Nh6 6. Bd3 f6 7. 0-0 Nf7 8. Re1 0-0 9. Qe2 Re8 10. e5 e6 11. exf6 Bxf6 12. Ne5 Nd7 13. Nxf7 Kxf7 14. Qf3 Kg8 15. Qg4 Nf8 16. Re5 Qc7 17. Bf4 Qf7 18. Rae1 Bxe5 19. dxe5 Bd7 20. Ne2 c5 21. c3 Bc6 22. h4 Kh8 23. Ng3 Nd7 24. h5 gxh5 25. Nxh5 Rg8 26. Qh4 d4 27. g3 Bf3 28. Nf6 Nxf6 29. exf6 Rg4 30. Qh6 Rxf4 31. Qxf4 Qh5 32. Qh4 Qxh4 33. gxh4 Kg8 34. Rxe6 Kf7 35. Bc4 b5 36. Re3+ bxc4 37. Rxf3 Rg8+ 38. Kf1 Rg4 39. h5 h6 40. Rf5 Re4 41. Rxc5 d3 42. Rd5 Re2 43. b3 Rxa2 44. bxc4 Kxf6 45. Rxd3 Ra4 46. c5 Rc4 47. Rg3 Rxc5 48. Rg6+ Kf7 49. Rxh6 Rxc3 50. Rh7+ Kf6 51. Rxa7 Kg5 52. Ra5+ Kh6 53. Kg2 Rb3 54. f3 Rb4 55. Kg3 Rc4 56. f4 Rc1 57. Kg4 Rg1+ 58. Kf5 Kxh5 59. Kf6+ Kh6 60. Kf7 Rg7+ 61. Kf8 Rb7 62. Ra6+ Kh7 63. f5 Rb8+ 64. Kf7 Rb7+ 65. Kf6 Kg8 66. Ra8+ Kh7 67. Re8 Rb6+ 68. Kf7 Rb7+ 69. Re7 Rb8 70. f6 Ra8 71. Rd7 Rb8 72. Ke6+ Kg8 73. Ke7 Rf8 74. Rd1 Ra8 75. f7+ Kg7 76. Rg1+ Kh7 77. f8Q 1-0

[Event "Rottach Egern Seniors Cup 9th"]
[Site "Rottach Egern"]
[Date "2021.10.23"]
[Round "2"]
[White "Stoffel, Matthias"]
[Black "Voegerl, Ronald"]
[Result "1/2-1/2"]
[WhiteElo "2043"]
[BlackElo "1885"]
[PlyCount "44"]
[EventDate "2021.10.22"]
[EventType "swiss"]
[EventRounds "7"]
[EventCountry "GER"]
[SourceTitle "CBM 204 Extra"]
[Source "ChessBase"]
[SourceDate "2021.11.30"]
[SourceVersion "1"]
[SourceVersionDate "2021.11.30"]
[SourceQuality "1"]

1. d4 Nf6 2. Nf3 e6 3. c4 b6 4. a3 Bb7 5. Bf4 Nh5 6. Bd2 Be7 7. Nc3 Bxf3 8. gxf3 Bg5 9. e3 Nf6 10. f4 Bh6 11. e4 d6 12. e5 dxe5 13. dxe5 Nfd7 14. Qf3 c6 15. Rd1 Qc7 16. Be3 0-0 17. Rg1 f6 18. Qh3 Kh8 19. Qxe6 fxe5 20. Ne4 Bxf4 21. Bxf4 exf4 22. Qe7 Qe5 1/2-1/2

[Event "Regionalliga Sued-Ost 1819"]
[Site "Bayern"]
[Date "2019.03.24"]
[Round "8.5"]
[White "Kronschnabl, Matthias"]
[Black "Stoffel, Matthias"]
[Result "0-1"]
[WhiteElo "1745"]
[BlackElo "1955"]
[PlyCount "68"]
[EventDate "2018.10.21"]
[EventType "team-tourn"]
[EventRounds "9"]
[EventCountry "GER"]
[SourceTitle "EXT 2022"]
[Source "ChessBase"]
[SourceDate "2021.10.06"]
[SourceVersion "1"]
[SourceVersionDate "2021.10.06"]
[SourceQuality "1"]
[WhiteTeam "Bayerwald Regen/Zwiesel"]
[BlackTeam "Bruckmühl SK"]
[WhiteTeamCountry "GER"]
[BlackTeamCountry "GER"]

1. d4 Nf6 2. Bf4 d5 3. e3 c5 4. c3 Nc6 5. Nd2 e6 6. Ngf3 cxd4 7. exd4 Bd6 8. Ne5 Qc7 9. Ndf3 Nh5 10. Nxf7 Nxf4 11. Nxh8 g6 12. g3 Nh5 13. Nh4 Qg7 14. Bd3 Nf6 15. N8xg6 hxg6 16. Bxg6+ Kd8 17. Qf3 Kc7 18. Bc2 e5 19. dxe5 Nxe5 20. Qg2 Ne4 21. 0-0-0 Nxc3 22. bxc3 Nc4 23. Qxd5 Qxc3 24. Rd3 Qa1+ 25. Bb1 Qb2+ 26. Kd1 Qxb1+ 27. Ke2 Qc2+ 28. Kf1 Bh3+ 29. Kg1 Re8 30. Nf3 Bd7 31. Kg2 Bc6 32. Qf7+ Re7 33. Qf5 Ne5 34. Re3 Qxf5 0-1

[Event "Regionalliga Sued-Ost 1718"]
[Site "Bayern"]
[Date "2017.10.22"]
[Round "1.5"]
[White "Stoffel, Matthias"]
[Black "Lettl, Gerhard"]
[Result "0-1"]
[WhiteElo "1955"]
[BlackElo "1981"]
[PlyCount "104"]
[EventDate "2017.10.22"]
[EventType "team-tourn"]
[EventRounds "9"]
[EventCountry "GER"]
[SourceTitle "EXT 2022"]
[Source "ChessBase"]
[SourceDate "2021.10.06"]
[SourceVersion "1"]
[SourceVersionDate "2021.10.06"]
[SourceQuality "1"]
[WhiteTeam "Bruckmuehl SK"]
[BlackTeam "Tegernsee TV"]
[WhiteTeamCountry "GER"]
[BlackTeamCountry "GER"]

1. d4 d5 2. Nf3 Nf6 3. c4 c6 4. Nc3 e6 5. g3 Nbd7 6. Bg2 Bd6 7. 0-0 0-0 8. Qc2 Qe7 9. Rd1 Re8 10. Nd2 Bb4 11. e4 Bxc3 12. Qxc3 dxe4 13. Nxe4 e5 14. Nxf6+ Nxf6 15. d5 cxd5 16. cxd5 Bg4 17. f3 Bf5 18. d6 Qe6 19. b3 Rac8 20. Qa5 Rc6 21. Ba3 h5 22. Bf1 a6 23. Rac1 Rec8 24. Rxc6 Rxc6 25. Bc4 Qe8 26. Bd5 Nxd5 27. Rxd5 f6 28. d7 Bxd7 29. Qd2 Rc7 30. Bd6 Rc8 31. f4 exf4 32. Bxf4 Bc6 33. Rd4 Qe6 34. Rd8+ Rxd8 35. Qxd8+ Kh7 36. Qd3+ g6 37. Qe3 Qd5 38. Kf2 Qg2+ 39. Ke1 Qh1+ 40. Kd2 Qxh2+ 41. Kc3 g5 42. Qd3+ Kg7 43. Bd2 h4 44. gxh4 gxh4 45. Kb2 Qg3 46. Qd8 h3 47. Bc3 Qf2+ 48. Ka3 h2 49. Qe7+ Kg6 50. Qf8 h1Q 51. Qg8+ Kf5 52. Qc8+ Kf4 0-1

[Event "Regionalliga SO 1617"]
[Site "Bayern"]
[Date "2016.12.04"]
[Round "3.4"]
[White "Stoffel, Matthias"]
[Black "Hofmann, Juergen2222"]
[Result "1/2-1/2"]
[WhiteElo "1958"]
[BlackElo "2159"]
[PlyCount "95"]
[EventDate "2016.10.16"]
[EventType "team-tourn"]
[EventRounds "9"]
[EventCountry "GER"]
[SourceTitle "EXT 2019"]
[Source "ChessBase"]
[SourceDate "2018.10.10"]
[SourceVersion "1"]
[SourceVersionDate "2018.10.10"]
[SourceQuality "1"]
[WhiteTeam "Bruckmuehl"]
[BlackTeam "Graefelfing"]
[WhiteTeamCountry "GER"]
[BlackTeamCountry "GER"]

1. Nf3 c5 2. e4 Nc6 3. Bb5 Nf6 4. Bxc6 dxc6 5. d3 g6 6. h3 Bg7 7. 0-0 0-0 8. Nbd2 Ne8 9. Rb1 Nd6 10. Qe2 b6 11. a4 Re8 12. b3 Qc7 13. Bb2 e5 14. Nc4 Nxc4 15. bxc4 h6 16. a5 Bd7 17. Qe3 Kh7 18. Ra1 Qd6 19. Ba3 Bf8 20. axb6 axb6 21. Ra2 Ra5 22. Nd2 Rea8 23. Rfa1 Qb8 24. Nb3 R5a7 25. Nc1 Qc7 26. Bb2 Rxa2 27. Rxa2 Rxa2 28. Nxa2 Qa7 29. Nc3 Qc7 30. Qc1 Qa7 31. Ne2 Bd6 32. Bc3 f6 33. f4 Qc7 34. Qa1 b5 35. cxb5 cxb5 36. Qa2 c4 37. fxe5 fxe5 38. Be1 Bc5+ 39. Kh2 Be6 40. Qa6 Qb6 41. Qa1 cxd3 42. cxd3 Qd6 43. d4 exd4+ 44. Bg3 Qd7 45. Nf4 Bc4 46. Qa6 Qd6 47. Qb7+ Qe7 48. Qc6 1/2-1/2

[Event "Regionalliga SO 1516"]
[Site "Bayern"]
[Date "2016.03.13"]
[Round "8.4"]
[White "Stoffel, Matthias"]
[Black "Jergler, Karl Heinz"]
[Result "1-0"]
[WhiteElo "1987"]
[BlackElo "2103"]
[PlyCount "99"]
[EventDate "2015.10.11"]
[EventType "team-tourn"]
[EventRounds "9"]
[EventCountry "GER"]
[SourceTitle "EXT 2018"]
[Source "ChessBase"]
[SourceDate "2017.10.13"]
[SourceVersion "1"]
[SourceVersionDate "2017.10.13"]
[SourceQuality "1"]
[WhiteTeam "Bruckmuehl"]
[BlackTeam "Waldkraiburg"]
[WhiteTeamCountry "GER"]
[BlackTeamCountry "GER"]

1. d4 Nf6 2. Nf3 g6 3. c4 Bg7 4. Nc3 d5 5. cxd5 Nxd5 6. e4 Nxc3 7. bxc3 c5 8. Rb1 0-0 9. Be3 Nd7 10. Bd3 Nf6 11. h3 b6 12. 0-0 Bb7 13. d5 c4 14. Bc2 Qc7 15. Qc1 Nd7 16. Bd4 Rae8 17. Rd1 Ne5 18. Nxe5 Bxe5 19. Qa3 Ra8 20. Bxe5 Qxe5 21. Rd4 Rfc8 22. Rf1 Rc5 23. f4 Qg7 24. Qa4 b5 25. Qa3 Rc7 26. Rb1 a6 27. Qa5 Rd7 28. a4 e5 29. fxe5 Qxe5 30. axb5 Qf4 31. Re1 Qg3 32. Red1 axb5 33. Qxb5 Rad8 34. Qxc4 Rc8 35. Qd3 Rxc3 36. Qxg3 Rxg3 37. Kf2 Ra3 38. Ba4 Rd6 39. Rb1 Rf6+ 40. Kg1 Ra2 41. Bd1 Ba6 42. d6 Rf1+ 43. Kh2 Bc8 44. Kg3 Ra3+ 45. Kh2 Ra2 46. Bb3 Rxb1 47. Bxa2 Ra1 48. Ra4 Be6 49. d7 Bxd7 50. Bxf7+ 1-0

[Event "Bayern-chI Bank Hofmann 18th"]
[Site "Bad Wiessee"]
[Date "2014.10.27"]
[Round "4"]
[White "Stoffel, Matthias"]
[Black "Bogner, Sebastian"]
[Result "0-1"]
[WhiteElo "2122"]
[BlackElo "2599"]
[PlyCount "90"]
[EventDate "2014.10.25"]
[EventType "swiss"]
[EventRounds "9"]
[EventCountry "GER"]
[SourceTitle "EXT 2015"]
[Source "ChessBase"]
[SourceDate "2014.11.20"]
[SourceVersion "1"]
[SourceVersionDate "2014.11.20"]
[SourceQuality "1"]

1. d4 Nf6 2. Nf3 e6 3. c4 b6 4. g3 Bb4+ 5. Bd2 a5 6. Bg2 Bb7 7. 0-0 0-0 8. Bf4 Nh5 9. Bg5 Be7 10. Bxe7 Qxe7 11. Nc3 f5 12. Qd2 d6 13. d5 e5 14. Ng5 Na6 15. Ne6 Rf7 16. Nb5 g6 17. b3 Ng7 18. Rfb1 Rf6 19. Ng5 Nc5 20. a3 a4 21. bxa4 Rxa4 22. Rb4 Ra5 23. Qb2 Ba6 24. Na7 Bb7 25. Nc6 Bxc6 26. dxc6 e4 27. Nh3 Nh5 28. f3 Rf8 29. Rb5 Ra4 30. Rb4 Raa8 31. Qd4 h6 32. fxe4 f4 33. e5 dxe5 34. Bd5+ Kh7 35. Qc3 e4 36. Nf2 fxg3 37. hxg3 Qg5 38. Nh1 Nd3 39. exd3 Nxg3 40. Qb2 Ne2+ 41. Kh2 Qh4+ 42. Kg2 Qg4+ 43. Kh2 Qh5+ 44. Kg2 Qf3+ 45. Kh2 Rf4 0-1

[Event "Bad Woerishofen op 24th"]
[Site "Bad Woerishofen"]
[Date "2008.02.28"]
[Round "1"]
[White "Georgiev, Vladimir"]
[Black "Stoffel, Matthias"]
[Result "1-0"]
[WhiteElo "2581"]
[BlackElo "2071"]
[PlyCount "87"]
[EventDate "2008.02.28"]
[EventType "swiss"]
[EventRounds "9"]
[EventCountry "GER"]
[SourceTitle "CBM 123 Extra"]
[Source "ChessBase"]
[SourceDate "2008.05.06"]
[SourceVersion "1"]
[SourceVersionDate "2008.05.06"]
[SourceQuality "1"]

1. d4 Nf6 2. c4 g6 3. Nc3 Bg7 4. e4 d6 5. Bd3 0-0 6. Nge2 e5 7. d5 a5 8. f3 c6 9. Be3 Na6 10. Qd2 Nc5 11. Bc2 Re8 12. 0-0 cxd5 13. cxd5 b6 14. a3 Re7 15. b4 Na6 16. Rfb1 axb4 17. axb4 Rea7 18. Nb5 Rb7 19. Bd3 Rbb8 20. Rc1 Bb7 21. Ra3 Bf8 22. Rb3 Nd7 23. Na3 Rc8 24. Rxc8 Rxc8 25. Bb5 Nab8 26. Qd3 f5 27. exf5 gxf5 28. Qxf5 Bxd5 29. Qg4+ Kh8 30. Rd3 Nf6 31. Qh4 Bf7 32. Bg5 Be7 33. Nc4 Bxc4 34. Bxc4 e4 35. Bxf6+ Bxf6 36. Qxe4 Nc6 37. Qe6 Be7 38. Rd1 Nxb4 39. Ng3 Rc5 40. f4 b5 41. Bb3 Qf8 42. Ne4 Rc6 43. h3 Na6 44. Qd5 1-0

[Event "Main Vogelsberg op 1st"]
[Site "Hanau"]
[Date "2006.04.29"]
[Round "3.7"]
[White "Barnickel, Josef"]
[Black "Stoffel, Matthias"]
[Result "1-0"]
[WhiteElo "2101"]
[BlackElo "2104"]
[PlyCount "101"]
[EventDate "2006.04.28"]
[EventType "swiss"]
[EventRounds "7"]
[EventCountry "GER"]
[SourceTitle "EXT 2022"]
[Source "ChessBase"]
[SourceDate "2021.10.06"]
[SourceVersion "1"]
[SourceVersionDate "2021.10.06"]
[SourceQuality "1"]

1. d4 Nf6 2. c4 g6 3. Nc3 Bg7 4. e4 d6 5. Nf3 0-0 6. Be2 e5 7. 0-0 Nc6 8. d5 Ne7 9. b4 a5 10. bxa5 Rxa5 11. Nd2 Nd7 12. Nb3 Ra8 13. a4 f5 14. f3 b6 15. a5 Nf6 16. axb6 Rxa1 17. Nxa1 cxb6 18. Qb3 Nd7 19. Ba3 Nc5 20. Qb4 fxe4 21. Nxe4 Bf5 22. Ng3 Bd7 23. Nb3 Bh6 24. Nd2 Be3+ 25. Kh1 Rf4 26. Rb1 Nxd5 27. Qb2 Bd4 28. Qc1 Nc3 29. Bxc5 dxc5 30. Rb3 Rh4 31. Ndf1 Na2 32. Qd2 Nb4 33. Bd3 Be6 34. Ra3 Nxd3 35. Qxd3 Rf4 36. Ne4 Bf5 37. Nfd2 Be6 38. Ra6 Rf7 39. Qa3 Rb7 40. Ra8 Rb8 41. Nf6+ Qxf6 42. Rxb8+ Kg7 43. Rb7+ Kh6 44. Ne4 Qf4 45. g3 Qe3 46. Qxe3+ Bxe3 47. Nd6 Bd4 48. Kg2 Bg8 49. h4 e4 50. fxe4 Be5 51. Nf7+ 1-0

[Event "Bayern-chI Bank Hofmann 6th"]
[Site "Bad Wiessee"]
[Date "2002.11.01"]
[Round "7"]
[White "Maahs, Erich"]
[Black "Stoffel, Matthias"]
[Result "1-0"]
[WhiteElo "2169"]
[BlackElo "1845"]
[PlyCount "119"]
[EventDate "2002.10.26"]
[EventType "swiss"]
[EventRounds "9"]
[EventCountry "GER"]
[SourceTitle "EXT 2003"]
[Source "ChessBase"]
[SourceDate "2002.11.25"]
[SourceVersion "1"]
[SourceVersionDate "2002.11.25"]
[SourceQuality "1"]

1. e4 c5 2. Nf3 d6 3. d4 cxd4 4. Nxd4 Nf6 5. Nc3 a6 6. a4 e5 7. Nf3 Be7 8. Bd3 Qc7 9. Bg5 Be6 10. Qd2 Nbd7 11. 0-0 0-0 12. Kh1 Rfe8 13. h3 Nb6 14. b3 Rac8 15. Ne2 d5 16. Bxf6 Bxf6 17. Ng3 g6 18. Ng5 Rcd8 19. Nxe6 Rxe6 20. a5 Nc8 21. Ra4 Ne7 22. Qe1 Bg7 23. exd5 Nxd5 24. Ne4 Re7 25. Rc4 Qb8 26. Rc5 Rc7 27. Bc4 Rxc5 28. Nxc5 Nf4 29. Qe4 Bf8 30. Qxb7 Qxb7 31. Nxb7 Rb8 32. Bxa6 Nd5 33. Bc4 Rxb7 34. Bxd5 Rb5 35. Bc4 Rxa5 36. Rd1 Ra7 37. Rd5 Kg7 38. g3 f6 39. Kg2 Bb4 40. f4 Bc3 41. Kf3 Re7 42. Bd3 h6 43. fxe5 Bxe5 44. b4 Bc3 45. b5 g5 46. Rd6 h5 47. g4 hxg4+ 48. hxg4 Re1 49. b6 Be5 50. Rd7+ Kf8 51. c4 Bf4 52. c5 Rc1 53. Rd5 Ke7 54. Bf5 Rc4 55. Ke2 Rc3 56. Bd7 Rc2+ 57. Kf3 Rd2 58. Bc6 Rxd5 59. Bxd5 Bh2 60. c6 1-0

[Event "Bad Woerishofen op 17th"]
[Site "Bad Woerishofen"]
[Date "2001.??.??"]
[Round "8"]
[White "Stoffel, Matthias"]
[Black "Berti, Rudolf"]
[Result "0-1"]
[WhiteElo "1800"]
[BlackElo "1621"]
[PlyCount "60"]
[EventDate "2001.03.15"]
[EventType "swiss"]
[EventRounds "9"]
[EventCountry "GER"]
[SourceTitle "CBM 081 Extra"]
[Source "ChessBase"]
[SourceDate "2001.05.06"]
[SourceVersion "1"]
[SourceVersionDate "2001.05.06"]
[SourceQuality "1"]

1. e4 e6 2. d4 d5 3. Nc3 dxe4 4. f3 exf3 5. Nxf3 Nf6 6. Bg5 Be7 7. Bd3 h6 8. Bd2 Nc6 9. 0-0 Nb4 10. Bc4 b6 11. Qe2 Nxc2 12. Rad1 Bb7 13. d5 exd5 14. Bb3 Nb4 15. Ne5 Ba6 16. Nb5 Bxb5 17. Qxb5+ c6 18. Qe2 Qd6 19. Bxb4 Qxb4 20. Rde1 0-0 21. Kh1 Bd6 22. Rxf6 gxf6 23. Ng4 Kg7 24. Rf1 Qe4 25. Qd1 f5 26. Nf2 Qh4 27. Nh3 Qg4 28. Qd3 Rae8 29. Bd1 Qe4 30. Qc3+ Qe5 0-1